Constelações - Statistics

Estatísticas Gerais
  • Esse quiz foi jogado 21 vezes
  • A pontuação média é 5 de 12
Estatísticas das Respostas
Imagem Resposta % Correto
Cruzeiro do Sul
80%
Órion
73%
Ursa Menor
60%
Cão Maior
53%
Cão Menor
53%
Centáuro
47%
Ursa Maior
47%
Lebre
33%
Fênix
27%
Pégasus
27%
Andrômeda
20%
Peixe Voador
20%
Nenhum quiz correspondente encontrado
Distribuição das Pontuações
Porcentagem de Pessoas com Cada Pontuação
Percentil de Números Respondidos
Sua Pontuação Histórica
Você não jogou esse quiz